| 000 | 00651nam a22001937a 4500 | ||
|---|---|---|---|
| 003 | URS | ||
| 005 | 20260319181623.0 | ||
| 008 | 260225b |||||||| |||| 00| 0 eng d | ||
| 020 | _a9786210226744 | ||
| 040 | _cURS | ||
| 050 |
_aKPM 2095 _b.W8461 2025 |
||
| 100 | _aWong, Rogelio N. | ||
| 245 |
_aHandbook on the bill of rights - 1987 Philippine constitution : _barrest, search, seizure and custodial investigation / _cAtty. Rogelio N. Wong. |
||
| 250 | _a2025 Edition.-- | ||
| 264 |
_aQuezon City : _bCentral Book Supply, Inc., _c©2025. |
||
| 300 |
_axviii, 634 pages : _c24 cm. |
||
| 650 |
_aConstitutional law _zPhilippines. |
||
| 942 |
_2lcc _cF |
||
| 999 |
_c98944 _d98941 |
||